[Event "X Open A"]
[Site "Montebelluna ITA"]
[Date "2009.12.27"]
[Round "1"]
[White "Losso, Agostino"]
[Black "Bonetti, Carlo"]
[Result "1-0"]
[WhiteElo "1766"]
[BlackElo "1938"]
[PlyCount "115"]
[EventDate "2009.12.27"]

1. e4 e6 2. d3 d5 3. Qe2 Nf6 4. Nf3 Nc6 5. e5 Nd7 6. g3 Be7 7. Bg2 O-O 8. O-O
f5 9. exf6 Rxf6 10. Re1 Nb6 11. Bh3 Qf8 12. Bf4 Bd6 13. Bxd6 cxd6 14. Bg2 e5
15. Nfd2 Nd4 16. Qd1 Rxf2 17. c3 Bg4 18. Qxg4 Nc2 19. Bf3 Nxe1 20. Kxf2 Nxd3+
21. Kg1 e4 22. Nxe4 dxe4 23. Qxe4 Ne5 24. Nd2 Re8 25. Rf1 d5 26. Qd4 Qd6 27.
Bg2 Nc6 28. Qf4 Qc5+ 29. Qf2 Qe7 30. a4 Rf8 31. Qe1 Qc5+ 32. Kh1 Qd6 33. Rxf8+
Kxf8 34. Qf1+ Qf6 35. Qxf6+ gxf6 36. b3 Ke7 37. Kg1 Kd6 38. Kf2 Na5 39. Ke3 Nd7
40. Kf4 Nc5 41. b4 Ncb3 42. Nxb3 Nxb3 43. Kf5 Nd2 44. Kxf6 Ne4+ 45. Kg7 Nxc3
46. Kxh7 d4 47. Bf1 Ke5 48. Kg6 Ne4 49. Bd3 Nf2 50. Bb1 d3 51. Bxd3 Nxd3 52. h4
Ke6 53. h5 Ne5+ 54. Kg7 Kf5 55. h6 Ng6 56. g4+ Kg5 57. h7 b5 58. axb5 1-0

[Event "X Open A"]
[Site "Montebelluna ITA"]
[Date "2009.12.27"]
[Round "1"]
[White "Milazzo, Mario"]
[Black "Biancotti, Alessandro"]
[Result "1/2-1/2"]
[WhiteElo "2059"]
[BlackElo "1912"]
[PlyCount "158"]
[EventDate "2009.12.27"]

1. c4 e5 2. Nc3 Nc6 3. g3 g6 4. Bg2 Bg7 5. e3 d6 6. Nge2 Be6 7. d3 f5 8. Rb1
Nf6 9. Nd5 O-O 10. O-O Rb8 11. Bd2 Ne7 12. Nxf6+ Bxf6 13. Qc2 c6 14. f4 Qd7 15.
Bc3 b5 16. b3 b4 17. Ba1 c5 18. d4 Qc7 19. fxe5 dxe5 20. d5 Bd7 21. Rbd1 Qd6
22. Nc1 a5 23. Qf2 a4 24. Nd3 e4 25. Bxf6 Rxf6 26. Bxe4 axb3 27. axb3 fxe4 28.
Qxf6 Qxf6 29. Rxf6 exd3 30. e4 Ra8 31. Rxd3 Bh3 32. Kf2 Ra2+ 33. Ke3 Bg4 34. d6
Nc6 35. d7 Nd8 36. Kf4 Bh3 37. Ke5 Kg7 38. Rff3 Ra7 39. Kd6 Bxd7 40. Kxc5 Nf7
41. Rf2 Ne5 42. Rd5 Ng4 43. Rfd2 Be6 44. Rd6 Kf6 45. Kxb4 Rb7+ 46. Kc3 Ke5 47.
b4 Nf6 48. Rxe6+ Kxe6 49. Re2 Ke5 50. b5 Nxe4+ 51. Kb4 Kd4 52. Re1 Nc3 53. Re8
Na2+ 54. Kb3 Nc1+ 55. Kc2 Kxc4 56. Kxc1 Rxb5 57. Re7 Rh5 58. Re2 Kd3 59. Kd1
Ra5 60. Ke1 Ra1+ 61. Kf2 Ra7 62. Re3+ Kd4 63. h3 Rf7+ 64. Ke2 Ra7 65. Re8 Ra3
66. Kf2 Ra2+ 67. Kf3 Ra3+ 68. Kf4 g5+ 69. Kg4 h5+ 70. Kxg5 Rxg3+ 71. Kh4 Ra3
72. Rh8 Ke5 73. Rxh5+ Kf6 74. Rb5 Kg6 75. Rb6+ Kg7 76. Rb4 Kh6 77. Kg4 Ra5 78.
h4 Rc5 79. Rb6+ Kh7 1/2-1/2

[Event "X Open A"]
[Site "Montebelluna ITA"]
[Date "2009.12.27"]
[Round "1"]
[White "Saponara, Nicola"]
[Black "Orsatti, Marcello"]
[Result "0-1"]
[WhiteElo "1839"]
[BlackElo "1977"]
[PlyCount "52"]
[EventDate "2009.12.27"]

1. e4 d6 2. d4 Nf6 3. Bd3 c6 4. c4 e5 5. Ne2 Nbd7 6. O-O Be7 7. Nbc3 O-O 8. Qc2
exd4 9. Nxd4 Ne5 10. Bf4 Nfd7 11. Nf5 Nc5 12. Nxe7+ Qxe7 13. Be2 f5 14. b4 Ne6
15. Bxe5 dxe5 16. exf5 Nd4 17. Qb2 Bxf5 18. Bd1 Bd3 19. Ne2 Bxc4 20. Re1 Nxe2+
21. Bxe2 Bd5 22. Bf1 Rf5 23. Re3 Raf8 24. f3 Qg5 25. Rae1 e4 26. fxe4 Qxe3+ 0-1

[Event "X Open A"]
[Site "Montebelluna ITA"]
[Date "2009.12.27"]
[Round "1"]
[White "Zamengo, Bruno"]
[Black "Sorbera, Giovanni"]
[Result "1-0"]
[WhiteElo "1831"]
[BlackElo "1968"]
[PlyCount "81"]
[EventDate "2009.12.27"]

1. e4 Nf6 2. e5 Nd5 3. d4 d6 4. c4 Nb6 5. f4 g5 6. d5 gxf4 7. e6 fxe6 8. Qh5+
Kd7 9. Qg4 c6 10. dxe6+ Kc7 11. Bxf4 h5 12. Qg6 Na6 13. a4 Rb8 14. Nf3 Nc5 15.
a5 Na8 16. Nd4 b6 17. b4 Kb7 18. Nc3 Nc7 19. bxc5 dxc5 20. Nxc6 Qe8 21. Qxe8
Nxe8 22. Bxb8 Kxc6 23. Be5 Rh6 24. Be2 Rxe6 25. Bf4 Bg7 26. Rc1 Bd4 27. Nb5 Re4
28. Nxa7+ Kb7 29. Nxc8 Kxc8 30. Bg3 bxa5 31. Bf2 e5 32. Bxd4 cxd4 33. Kd2 Re3
34. Rhe1 e4 35. Bf1 Rxe1 36. Rxe1 Nf6 37. Ra1 Kc7 38. Rxa5 Ng4 39. Be2 Ne3 40.
g3 h4 41. Re5 1-0

[Event "X Open A"]
[Site "Montebelluna ITA"]
[Date "2009.12.27"]
[Round "1"]
[White "Zamengo, Bruno"]
[Black "Sorbera, Giovanni"]
[Result "1-0"]
[WhiteElo "1831"]
[BlackElo "1968"]
[PlyCount "89"]
[EventDate "2009.12.27"]

1. e4 Nf6 2. e5 Nd5 3. c4 Nb6 4. d4 d6 5. f4 g5 6. d5 gxf4 7. e6 fxe6 8. Qh5+
Kd7 9. Qg4 c6 10. dxe6+ Kc7 11. Bxf4 h5 12. Qg6 Na6 13. a4 Rb8 14. Nf3 Nc5 15.
a5 Na8 16. Nd4 b6 17. b4 Kb7 18. Nc3 Nc7 19. bxc5 dxc5 20. Nxc6 Qe8 21. Qxe8
Nxe8 22. Bxb8 Kxc6 23. Be5 Rh6 24. Be2 Rxe6 25. Bf4 Bg7 26. Rc1 Bd4 27. Nb5 Re4
28. Nxa7+ Kb7 29. Nxc8 Kxc8 30. Bg3 bxa5 31. Bf2 e5 32. Bxd4 cxd4 33. Kd2 Re3
34. Rhe1 e4 35. Bf1 Rxe1 36. Rxe1 Nf6 37. Ra1 Kc7 38. Rxa5 Ng4 39. Be2 Ne3 40.
g3 h4 41. Re5 Nxc4+ 42. Bxc4 e3+ 43. Rxe3 dxe3+ 44. Kxe3 hxg3 45. hxg3 1-0

[Event "X Open A"]
[Site "Montebelluna ITA"]
[Date "2009.12.27"]
[Round "1"]
[White "Zamengo, Fulvio"]
[Black "Forato, Enrico"]
[Result "0-1"]
[WhiteElo "1917"]
[BlackElo "2090"]
[PlyCount "70"]
[EventDate "2009.12.27"]

1. e4 c5 2. Nf3 d6 3. d4 cxd4 4. Nxd4 Nf6 5. Nc3 a6 6. Bc4 e6 7. Be3 b5 8. Bb3
b4 9. Nb1 Nxe4 10. Qf3 Bb7 11. Ba4+ Nd7 12. Nd2 Nec5 13. Bc6 Qc7 14. Nc4 Rc8
15. Na5 Qxa5 16. Bxb7 Ne5 17. Bxc8 Nxf3+ 18. Nxf3 Kd8 19. Bxc5 dxc5 20. Bb7 Kc7
21. Be4 c4 22. Nd2 Qe5 23. c3 bxc3 24. bxc3 f5 25. O-O fxe4 26. Nxc4 Qd5 27.
Ne3 Qc6 28. Rfe1 Bc5 29. Ng4 Rf8 30. Re2 h5 31. Ne5 Qd5 32. Ng6 Rxf2 33. Rxf2
Bxf2+ 34. Kxf2 Qd2+ 35. Kg1 e3 0-1

[Event "X Open A"]
[Site "Montebelluna ITA"]
[Date "2009.12.28"]
[Round "2"]
[White "Biancotti, Alessandro"]
[Black "Losso, Agostino"]
[Result "0-1"]
[WhiteElo "1912"]
[BlackElo "1766"]
[PlyCount "116"]
[EventDate "2009.12.27"]

1. e4 c6 2. d4 d5 3. exd5 cxd5 4. c4 Nf6 5. Nc3 e6 6. Nf3 Bb4 7. Bd2 Be7 8. c5
O-O 9. Bd3 Nc6 10. a3 a5 11. O-O b6 12. cxb6 Qxb6 13. Na4 Qa7 14. Bf4 Ba6 15.
Rc1 Rfc8 16. Bxa6 Qxa6 17. Qb3 Nh5 18. Be3 Rab8 19. Qd1 g6 20. Ng5 Ng7 21. g4
Qa7 22. Qd2 Bxg5 23. Bxg5 Qxd4 24. Qd1 Qxd1 25. Rfxd1 Ne8 26. Rc5 f6 27. Bd2
Nd6 28. Bxa5 Nxa5 29. Rxa5 Nc4 30. Ra6 Rd8 31. Re1 Kf7 32. Re2 d4 33. Nc5 e5
34. b4 Ra8 35. Rxa8 Rxa8 36. a4 Ke7 37. Rc2 Nb6 38. a5 Nd5 39. Rb2 f5 40. gxf5
gxf5 41. Kf1 Kd6 42. Ke2 Kc6 43. Nd3 e4 44. Nc1 Kb5 45. Na2 Rc8 46. Kd2 Nc3 47.
Rc2 Nb1+ 48. Kc1 Rxc2+ 49. Kxc2 Na3+ 50. Kb3 Nc4 51. Kc2 f4 52. Kd1 Nb2+ 53.
Kc2 Nd3 54. Nc1 Nxf2 55. Kd2 f3 56. Nb3 e3+ 57. Ke1 Nd3+ 58. Kf1 e2+ 0-1

[Event "X Open A"]
[Site "Montebelluna ITA"]
[Date "2009.12.28"]
[Round "2"]
[White "Bonetti, Carlo"]
[Black "Zamengo, Fulvio"]
[Result "1-0"]
[WhiteElo "1938"]
[BlackElo "1917"]
[PlyCount "79"]
[EventDate "2009.12.27"]

1. e4 e6 2. d3 c5 3. Nf3 Nc6 4. g3 b6 5. Bg2 Bb7 6. O-O Nge7 7. Re1 g6 8. c3
Bg7 9. h4 d5 10. e5 b5 11. Bf4 Nc8 12. Nbd2 Nb6 13. Qe2 a6 14. c4 bxc4 15. dxc4
d4 16. Ne4 Qe7 17. Nd6+ Kf8 18. Ng5 Nd8 19. Bxb7 Nxb7 20. Ndxf7 h6 21. Nxh8
Bxh8 22. Ne4 Bg7 23. Nd6 Rd8 24. Qg4 Nxd6 25. exd6 Qf7 26. Rxe6 Nxc4 27. Rae1
Qf5 28. Qxf5+ gxf5 29. b3 Nb6 30. Bxh6 Nc8 31. Rf6+ Kg8 32. Rg6 Kh7 33. Ree6
Bxh6 34. Rxh6+ Kg7 35. Rhg6+ Kh7 36. Rgf6 Kg7 37. Rxf5 Nb6 38. Rxc5 Rf8 39.
Rc7+ Kh8 40. d7 1-0

[Event "X Open A"]
[Site "Montebelluna ITA"]
[Date "2009.12.28"]
[Round "2"]
[White "Bortolussi, Andrea"]
[Black "Carlassara, Renato"]
[Result "1-0"]
[WhiteElo "1895"]
[BlackElo "1948"]
[PlyCount "57"]
[EventDate "2009.12.27"]

1. e4 e5 2. Nf3 Nc6 3. Bb5 a6 4. Bxc6 dxc6 5. d4 exd4 6. Qxd4 Bg4 7. Be3 Qxd4
8. Nxd4 O-O-O 9. f3 Bh5 10. Nd2 f6 11. Ne6 Re8 12. Nxf8 Rxf8 13. O-O-O Bf7 14.
Rhe1 Ne7 15. Bd4 Re8 16. b3 Ng6 17. Nf1 Rd8 18. Ne3 Be6 19. Bc3 Rxd1+ 20. Rxd1
Rd8 21. Be1 Rxd1+ 22. Kxd1 Kd7 23. Bg3 a5 24. Kd2 a4 25. Kc3 axb3 26. axb3 Nh8
27. f4 g6 28. f5 gxf5 29. exf5 1-0

[Event "X Open A"]
[Site "Montebelluna ITA"]
[Date "2009.12.28"]
[Round "2"]
[White "Campagnola, Giacomo"]
[Black "Brunelli, Giovanni"]
[Result "0-1"]
[WhiteElo "1836"]
[BlackElo "1930"]
[PlyCount "56"]
[EventDate "2009.12.27"]

1. e4 e6 2. d4 d5 3. e5 c5 4. c3 Nc6 5. a3 c4 6. b4 Nge7 7. Bg5 Bd7 8. Be2 Qc7
9. Nh3 O-O-O 10. a4 h6 11. Na3 a6 12. Bf4 g5 13. Bxg5 hxg5 14. Nxg5 Be8 15. Bh5
Nxe5 16. O-O N5g6 17. b5 Nf4 18. b6 Qd6 19. Nf3 Nxh5 20. Nb5 axb5 21. axb5 Bxb5
22. Ne5 Nc6 23. Ra8+ Nb8 24. Nxf7 Qe7 25. Nxh8 Qh7 26. Qe2 Nf4 27. Qd2 Bd6 28.
g3 Rxh8 0-1

[Event "X Open A"]
[Site "Montebelluna ITA"]
[Date "2009.12.28"]
[Round "2"]
[White "Forato, Enrico"]
[Black "Chiarion, Elisa"]
[Result "1-0"]
[WhiteElo "2090"]
[BlackElo "1908"]
[PlyCount "63"]
[EventDate "2009.12.27"]

1. g3 d5 2. c4 e6 3. Bg2 c6 4. d4 Nf6 5. Nf3 Be7 6. O-O O-O 7. Nc3 Nbd7 8. Nd2
Re8 9. e4 dxe4 10. Ndxe4 e5 11. Nxf6+ Bxf6 12. d5 cxd5 13. Nxd5 Nb6 14. Nxf6+
Qxf6 15. c5 Nd7 16. Qc2 Nf8 17. Be3 Rb8 18. Rfd1 Rd8 19. Rxd8 Qxd8 20. Qa4 a6
21. Rd1 Qc7 22. c6 bxc6 23. Bc5 Rb5 24. Bd6 Qb6 25. Bxf8 Kxf8 26. Qa3+ Ke8 27.
Qd6 Rc5 28. b4 Rc2 29. Kh1 Bg4 30. Qxe5+ Be6 31. f4 g6 32. Bh3 1-0

[Event "X Open A"]
[Site "Montebelluna ITA"]
[Date "2009.12.28"]
[Round "2"]
[White "Guglielmi, Dante"]
[Black "Sorbera, Giovanni"]
[Result "0-1"]
[WhiteElo "1918"]
[BlackElo "1968"]
[PlyCount "72"]
[EventDate "2009.12.27"]

1. c4 Nf6 2. Nc3 c5 3. g3 g6 4. Bg2 Bg7 5. e3 O-O 6. Nge2 Nc6 7. O-O d6 8. d4
cxd4 9. exd4 h6 10. b3 Bg4 11. h3 Bxe2 12. Nxe2 d5 13. Bb2 Qd7 14. Nf4 e6 15.
Nd3 Rfd8 16. Ne5 Qe7 17. Qe2 Rac8 18. Nxc6 Rxc6 19. Rac1 Rcc8 20. c5 Qd7 21.
Rc2 Ne8 22. Rfc1 Qc6 23. Bf1 Nc7 24. Qd2 f6 25. Qd3 Kh7 26. h4 h5 27. g4 hxg4
28. Ra1 f5 29. b4 a6 30. a4 Bf6 31. b5 Qd7 32. c6 bxc6 33. bxc6 Qd6 34. Qg3 Kg7
35. Bc1 Qxg3+ 36. fxg3 Bxd4+ 0-1

[Event "X Open A"]
[Site "Montebelluna ITA"]
[Date "2009.12.28"]
[Round "2"]
[White "Mortola, Alberto"]
[Black "Saponara, Nicola"]
[Result "1-0"]
[WhiteElo "1936"]
[BlackElo "1839"]
[PlyCount "53"]
[EventDate "2009.12.27"]

1. e4 c5 2. c3 Nf6 3. e5 Nd5 4. d4 e6 5. c4 Nb6 6. d5 exd5 7. cxd5 d6 8. exd6
Bxd6 9. Nf3 O-O 10. Nc3 Bg4 11. Be2 a6 12. O-O Re8 13. a4 N8d7 14. a5 Bxf3 15.
Bxf3 Nc4 16. Re1 Nde5 17. Ne4 Qh4 18. g3 Nxf3+ 19. Qxf3 Qh3 20. Bf4 Bxf4 21.
Qxf4 Rac8 22. b3 Nxa5 23. Nxc5 Rxe1+ 24. Rxe1 b6 25. Nxa6 Nxb3 26. Qe3 Qg4 27.
Qe8+ 1-0

[Event "X Open A"]
[Site "Montebelluna ITA"]
[Date "2009.12.28"]
[Round "2"]
[White "Orsatti, Marcello"]
[Black "Dvirnyy, Danyyil"]
[Result "0-1"]
[WhiteElo "1977"]
[BlackElo "2461"]
[PlyCount "72"]
[EventDate "2009.12.27"]

1. c4 e5 2. Nc3 Nf6 3. g3 Bb4 4. Bg2 O-O 5. a3 Bxc3 6. bxc3 e4 7. Nh3 Re8 8.
O-O d6 9. d4 h6 10. Rb1 Nc6 11. Nf4 Na5 12. Qa4 b6 13. Nd5 Ba6 14. Ne3 d5 15.
Nxd5 Nxd5 16. cxd5 Bxe2 17. Re1 Bd3 18. Rb4 Qxd5 19. f3 c6 20. Qd1 exf3 21.
Rxe8+ Rxe8 22. Bxf3 Be4 23. Kf2 Bxf3 24. Qxf3 Qe6 25. Bf4 Qe1+ 26. Kg2 Re2+ 27.
Kh3 Rf2 28. Qe3 Qxe3 29. Bxe3 Rc2 30. Ra4 Rxc3 31. Bd2 Rc4 32. Rxc4 Nxc4 33.
Bb4 a5 34. Be7 f6 35. Kg4 Kf7 36. Bd8 Ne3+ 0-1

[Event "X Open A"]
[Site "Montebelluna ITA"]
[Date "2009.12.28"]
[Round "2"]
[White "Polin, Giulia"]
[Black "Gilevych, Artem"]
[Result "0-1"]
[WhiteElo "1826"]
[BlackElo "2177"]
[PlyCount "120"]
[EventDate "2009.12.27"]

1. e4 Nc6 2. Nf3 e6 3. d4 d5 4. e5 b6 5. Bd3 Bb7 6. O-O Qd7 7. a3 f6 8. Bf4
O-O-O 9. b4 g5 10. Be3 g4 11. Nfd2 fxe5 12. Bb5 Qg7 13. Bxc6 Bxc6 14. Nb3 Bd6
15. Nc3 Ne7 16. b5 Bb7 17. a4 Nf5 18. a5 exd4 19. axb6 axb6 20. Bxd4 e5 21.
Bxb6 cxb6 22. Nxd5 Kb8 23. c4 e4 24. Qc2 Qe5 25. g3 Bxd5 26. cxd5 Qxd5 27. Rfd1
Qb7 28. Ra6 Be5 29. Re1 Nd6 30. Qe2 h5 31. Nd2 h4 32. Qe3 Nc8 33. Nxe4 hxg3 34.
Nxg3 Rhe8 35. Rc1 Qf3 36. Qxf3 gxf3 37. Ra2 Rd5 38. Rb1 Nd6 39. Ra3 Rf8 40.
Rab3 Kb7 41. Rb4 Rd2 42. Ne4 Nxe4 43. Rxe4 Bd6 44. Rg4 Rf7 45. h4 Bc5 46. Rf1
Rd4 47. Rxd4 Bxd4 48. Rd1 Rf4 49. Rd3 Kc7 50. h5 Kd6 51. h6 Kc5 52. h7 Rh4 53.
Rxf3 Rxh7 54. Rf5+ Kc4 55. Kg2 Bc5 56. f4 Kxb5 57. Rg5 Kc4 58. f5 b5 59. f6 Rf7
60. Rg4+ Bd4 0-1

[Event "X Open A"]
[Site "Montebelluna ITA"]
[Date "2009.12.28"]
[Round "2"]
[White "Tomio, Dante"]
[Black "Milazzo, Mario"]
[Result "0-1"]
[WhiteElo "2050"]
[BlackElo "2059"]
[PlyCount "64"]
[EventDate "2009.12.27"]

1. d4 f5 2. Nf3 g6 3. c3 Bg7 4. Bf4 Nf6 5. e3 O-O 6. Nbd2 b6 7. Be2 Bb7 8. Qb3+
e6 9. Bg5 h6 10. Bf4 Nc6 11. h4 Na5 12. Qc2 d6 13. O-O-O Qe7 14. Rdg1 Ng4 15.
Bg3 c5 16. Nh2 Nf6 17. Bf3 e5 18. Bxb7 Nxb7 19. dxe5 dxe5 20. Qb3+ Kh8 21. Nhf3
Ng4 22. Ng5 Rae8 23. Nc4 f4 24. exf4 exf4 25. Re1 Qxe1+ 26. Rxe1 Rxe1+ 27. Kd2
fxg3 28. f3 Rg1 29. fxg4 Rxg2+ 30. Ke3 hxg5 31. hxg5 Rgf2 32. Nd2 Re8+ 0-1

[Event "X Open A"]
[Site "Montebelluna ITA"]
[Date "2009.12.28"]
[Round "2"]
[White "Xia, Jie"]
[Black "Cocuzzi, Edoardo"]
[Result "1-0"]
[WhiteElo "2208"]
[BlackElo "1972"]
[PlyCount "75"]
[EventDate "2009.12.27"]

1. d4 g6 2. e4 Bg7 3. Nc3 c6 4. f4 d6 5. Nf3 Bg4 6. Be3 Nd7 7. h3 Bxf3 8. Qxf3
e5 9. dxe5 dxe5 10. f5 Qc7 11. O-O-O O-O-O 12. Bxa7 Qa5 13. Bf2 b5 14. Kb1 Kc7
15. Ne2 Ngf6 16. Nc1 Qa4 17. Bd3 Bh6 18. c3 Bxc1 19. Bc2 Qa6 20. Rxc1 c5 21. g4
Ra8 22. a3 Ne8 23. Rhd1 Nd6 24. Bb3 Nc4 25. fxg6 fxg6 26. Bxc4 bxc4 27. Qf7 Qb5
28. Bxc5 Ra6 29. Bb4 Ra7 30. Rd5 Qa4 31. Rcd1 Kc8 32. Qe6 Rc7 33. R1d2 h5 34.
g5 Qa7 35. Ba5 Rb7 36. Qc6+ Kb8 37. Rxd7 Rxd7 38. Rxd7 1-0

[Event "X Open A"]
[Site "Montebelluna ITA"]
[Date "2009.12.28"]
[Round "2"]
[White "Zamengo, Bruno"]
[Black "Boscolo, Federico"]
[Result "0-1"]
[WhiteElo "1831"]
[BlackElo "1990"]
[PlyCount "38"]
[EventDate "2009.12.27"]

1. e4 c5 2. Nf3 d6 3. d4 cxd4 4. Nxd4 Nf6 5. Nc3 g6 6. Be2 Bg7 7. Be3 Nc6 8.
Qd2 O-O 9. f4 a6 10. O-O-O Bd7 11. Rhg1 b5 12. Bf3 Rc8 13. g4 Na5 14. g5 Nc4
15. Qd3 Ne8 16. Bf2 Qa5 17. Nb3 Nxb2 18. Nxa5 Nxd3+ 19. cxd3 Bxc3 0-1

[Event "X Open A"]
[Site "Montebelluna ITA"]
[Date "2009.12.28"]
[Round "3"]
[White "Boscolo, Federico"]
[Black "Xia, Jie"]
[Result "0-1"]
[WhiteElo "1990"]
[BlackElo "2208"]
[PlyCount "46"]
[EventDate "2009.12.27"]

1. e4 c5 2. c3 d6 3. d4 cxd4 4. cxd4 Nf6 5. Nc3 g6 6. Be3 Bg7 7. f3 O-O 8. Nge2
Nc6 9. Nc1 e5 10. d5 Nd4 11. Nb3 Nxb3 12. axb3 a6 13. b4 Bd7 14. b5 axb5 15.
Bxb5 Rxa1 16. Qxa1 Bxb5 17. Nxb5 Nxe4 18. fxe4 Qh4+ 19. Ke2 Qxe4 20. Qf1 Bh6
21. Qf3 Qc4+ 22. Kf2 Bxe3+ 23. Qxe3 Qxb5 0-1

[Event "X Open A"]
[Site "Montebelluna ITA"]
[Date "2009.12.28"]
[Round "3"]
[White "Brunelli, Giovanni"]
[Black "Bonetti, Carlo"]
[Result "1-0"]
[WhiteElo "1930"]
[BlackElo "1938"]
[PlyCount "63"]
[EventDate "2009.12.27"]

1. e4 e6 2. d4 d5 3. exd5 exd5 4. Bd3 Nc6 5. Nf3 Bg4 6. c3 Bd6 7. O-O Nge7 8.
Be3 Qd7 9. Nbd2 Ng6 10. Re1 O-O-O 11. b4 Nce7 12. Nb3 Nh4 13. Be2 Nef5 14. Ne5
Bxe2 15. Qxe2 Qe8 16. Nc5 f6 17. Ned3 Qb5 18. a4 Qc4 19. Qd2 Bxc5 20. Nxc5 Rde8
21. a5 g5 22. b5 Ng6 23. Ra4 Qxb5 24. Rb4 Qxa5 25. Nxb7 Qa6 26. Nc5 Qc6 27. Ra1
Nxe3 28. fxe3 Qa8 29. Qf2 Kd8 30. Qxf6+ Re7 31. Ra6 Rf8 32. Ne6+ 1-0

[Event "X Open A"]
[Site "Montebelluna ITA"]
[Date "2009.12.28"]
[Round "3"]
[White "Carlassara, Renato"]
[Black "Campagnola, Giacomo"]
[Result "1/2-1/2"]
[WhiteElo "1948"]
[BlackElo "1836"]
[PlyCount "64"]
[EventDate "2009.12.27"]

1. e4 c5 2. d4 cxd4 3. c3 dxc3 4. Nxc3 Nc6 5. Nf3 d6 6. Bc4 e6 7. O-O Be7 8.
Qe2 Nf6 9. Rd1 Bd7 10. Bf4 e5 11. Bg5 a6 12. Rd2 Bg4 13. h3 Nd4 14. Qd1 Bxf3
15. gxf3 Qd7 16. Bf1 h6 17. Be3 Ne6 18. Na4 Rd8 19. Nb6 Qc7 20. Rc1 Qb8 21.
Qa4+ Kf8 22. b4 g6 23. Bc4 Kg7 24. Bxe6 fxe6 25. Rdc2 d5 26. Rc7 Kf7 27. b5 d4
28. Bd2 Ne8 29. Rd7 Rxd7 30. Nxd7 Qd6 31. bxa6 bxa6 32. Rc4 Nf6 1/2-1/2

[Event "X Open A"]
[Site "Montebelluna ITA"]
[Date "2009.12.28"]
[Round "3"]
[White "Chiarion, Elisa"]
[Black "Biancotti, Alessandro"]
[Result "0-1"]
[WhiteElo "1908"]
[BlackElo "1912"]
[PlyCount "42"]
[EventDate "2009.12.27"]

1. b4 d5 2. Bb2 Nf6 3. e3 Bf5 4. a3 Nbd7 5. Nf3 e6 6. Be2 Bd6 7. c4 c6 8. O-O
e5 9. d3 O-O 10. Nc3 Re8 11. Qb3 dxc4 12. dxc4 Qe7 13. Rad1 a5 14. c5 Bc7 15.
Nd2 axb4 16. axb4 e4 17. Nc4 Be6 18. Qc2 Bxc4 19. Bxc4 Bxh2+ 20. Kxh2 Ng4+ 21.
Kg3 Qg5 0-1

[Event "X Open A"]
[Site "Montebelluna ITA"]
[Date "2009.12.28"]
[Round "3"]
[White "Cocuzzi, Edoardo"]
[Black "Bortolussi, Andrea"]
[Result "1/2-1/2"]
[WhiteElo "1972"]
[BlackElo "1895"]
[PlyCount "87"]
[EventDate "2009.12.27"]

1. e4 e5 2. Bc4 Nf6 3. d3 Nc6 4. a3 Be7 5. Ne2 d6 6. O-O Be6 7. Bxe6 fxe6 8. f4
Qd7 9. b4 exf4 10. Nxf4 O-O 11. Bb2 e5 12. Nd5 Nxd5 13. exd5 Rxf1+ 14. Qxf1 Rf8
15. Qe2 Nb8 16. c4 Bh4 17. g3 Bg5 18. Nc3 Qf7 19. Ne4 Be7 20. Rf1 Qxf1+ 21.
Qxf1 Rxf1+ 22. Kxf1 Nd7 23. d4 exd4 24. Bxd4 b6 25. Ke2 Kf7 26. Be3 h6 27. Nc3
a6 28. Bd4 Bf6 29. Kd3 Bxd4 30. Kxd4 Ne5 31. h4 Nf3+ 32. Ke4 Ne5 33. c5 Nc4 34.
cxb6 cxb6 35. b5 a5 36. Nb1 Kf6 37. Kd4 Ne5 38. Nc3 Kf5 39. Ne4 Nf7 40. Nd2 Ne5
41. Ne4 Nf7 42. a4 Kg4 43. Ke3 Kf5 44. Kd4 1/2-1/2

[Event "X Open A"]
[Site "Montebelluna ITA"]
[Date "2009.12.28"]
[Round "3"]
[White "Dvirnyy, Danyyil"]
[Black "Forato, Enrico"]
[Result "1-0"]
[WhiteElo "2461"]
[BlackElo "2090"]
[PlyCount "103"]
[EventDate "2009.12.27"]

1. e4 c5 2. Nf3 d6 3. d4 cxd4 4. Nxd4 Nf6 5. Nc3 a6 6. Bg5 e6 7. Bc4 Be7 8. Bb3
Nc6 9. Nxc6 bxc6 10. Qf3 h6 11. Bf4 e5 12. Bd2 Rb8 13. h3 O-O 14. O-O Nd7 15.
Be3 Bg5 16. Rad1 Bxe3 17. Qxe3 Nc5 18. Qd2 Nb7 19. Rfe1 Qe7 20. Re3 Be6 21. Na4
Rfd8 22. Rd3 Bxb3 23. axb3 Rf8 24. Rc3 Qc7 25. Qd3 a5 26. Qa6 Nd8 27. Qd3 Nb7
28. Rd2 Rfc8 29. Rc4 Kf8 30. Nc3 Qb6 31. Qf3 Ke7 32. Qg4 Rg8 33. Rd5 Nd8 34.
Rb5 Qa7 35. Rxb8 Qxb8 36. h4 Qb7 37. Ra4 Qb6 38. Qc8 Re8 39. Rc4 Ne6 40. Qxc6
Qxc6 41. Rxc6 Nd4 42. Nd5+ Kf8 43. Rc7 f5 44. exf5 Nxf5 45. Ra7 Nd4 46. Rxa5
Nxc2 47. b4 Rb8 48. b5 Nd4 49. b6 Kf7 50. Ra7+ Kg6 51. b7 Nb5 52. Ne7+ 1-0

[Event "X Open A"]
[Site "Montebelluna ITA"]
[Date "2009.12.28"]
[Round "3"]
[White "Gilevych, Artem"]
[Black "Losso, Agostino"]
[Result "1-0"]
[WhiteElo "2177"]
[BlackElo "1766"]
[PlyCount "69"]
[EventDate "2009.12.27"]

1. Nf3 d5 2. c4 e6 3. g3 Nf6 4. Bg2 c6 5. b3 Nbd7 6. Bb2 Be7 7. O-O O-O 8. d3
b6 9. Nbd2 Qc7 10. e4 dxe4 11. dxe4 e5 12. Qc2 Bb7 13. Nh4 g6 14. Qc3 Nh5 15.
Nhf3 Bf6 16. Bh3 Rfe8 17. b4 Ng7 18. c5 Rad8 19. Rfd1 b5 20. a4 a6 21. Nf1 Ne6
22. Bxe6 Rxe6 23. Ne3 Ree8 24. axb5 cxb5 25. Nd5 Qc6 26. Qe3 Bg7 27. h4 Bf8 28.
h5 Nf6 29. Nxe5 Qe6 30. Nc7 Rxd1+ 31. Rxd1 Qh3 32. Nxe8 Nxe4 33. c6 Nxg3 34.
Qxg3 Qxg3+ 35. fxg3 1-0

[Event "X Open A"]
[Site "Montebelluna ITA"]
[Date "2009.12.28"]
[Round "3"]
[White "Milazzo, Mario"]
[Black "Orsatti, Marcello"]
[Result "1-0"]
[WhiteElo "2059"]
[BlackElo "1977"]
[PlyCount "66"]
[EventDate "2009.12.27"]

1. c4 c5 2. Nc3 Nc6 3. g3 g6 4. Bg2 Bg7 5. e4 e6 6. Nge2 Nge7 7. d3 O-O 8. O-O
a6 9. Be3 Nd4 10. Qd2 Re8 11. Rab1 Nec6 12. Bh6 Bh8 13. Nxd4 Nxd4 14. Be3 Rb8
15. f4 d6 16. Ne2 e5 17. Nxd4 cxd4 18. Bf2 Be6 19. f5 Bd7 20. g4 g5 21. Bf3 b5
22. b3 f6 23. Kg2 Bg7 24. Rfc1 Qb6 25. Bd1 Rec8 26. cxb5 Bxb5 27. b4 Be8 28.
Bb3+ Bf7 29. Bxf7+ Kxf7 30. Qb2 Bf8 31. Qb3+ Kg7 32. Qe6 Rc7 33. Rc4 Qb7 1-0

[Event "X Open A"]
[Site "Montebelluna ITA"]
[Date "2009.12.28"]
[Round "3"]
[White "Saponara, Nicola"]
[Black "Guglielmi, Dante"]
[Result "1-0"]
[WhiteElo "1839"]
[BlackElo "1918"]
[PlyCount "73"]
[EventDate "2009.12.27"]

1. e4 c5 2. Nf3 d6 3. d4 cxd4 4. Nxd4 Nf6 5. Nc3 a6 6. Bg5 e6 7. f4 Be7 8. Qf3
O-O 9. O-O-O Qc7 10. g4 Nc6 11. f5 Ne5 12. Qg3 Nexg4 13. Bh3 h5 14. Bxg4 Nxg4
15. Bf4 Qd8 16. h3 e5 17. hxg4 exf4 18. Qh3 h4 19. Nf3 g5 20. e5 Qd7 21. Ne4
Qa4 22. Nc3 Qd7 23. exd6 Bd8 24. Ne4 f6 25. Nxh4 gxh4 26. Qxh4 Qg7 27. d7 Bxd7
28. Rxd7 Qxd7 29. Qh8+ Kf7 30. Qh7+ Ke8 31. Qg6+ Rf7 32. Nc5 Qe7 33. Rh8+ Qf8
34. Rxf8+ Kxf8 35. Qh6+ Kg8 36. Ne6 Rc8 37. Qg6+ 1-0

[Event "X Open A"]
[Site "Montebelluna ITA"]
[Date "2009.12.28"]
[Round "3"]
[White "Sorbera, Giovanni"]
[Black "Polin, Giulia"]
[Result "1-0"]
[WhiteElo "1968"]
[BlackElo "1826"]
[PlyCount "49"]
[EventDate "2009.12.27"]

1. e4 c5 2. Nf3 d6 3. c3 Nf6 4. Be2 Nc6 5. d4 cxd4 6. cxd4 Nxe4 7. d5 Qa5+ 8.
Nc3 Nxc3 9. bxc3 Ne5 10. Qd4 Nxf3+ 11. Bxf3 Qa6 12. Be2 Qa5 13. O-O e5 14. dxe6
Bxe6 15. Rb1 Qc7 16. Bb5+ Kd8 17. Rd1 Kc8 18. Bf4 a6 19. Be2 Bxa2 20. Rb6 Be6
21. Bf3 Rb8 22. Bxd6 Bxd6 23. Rxd6 Rg8 24. Bg4 Ra8 25. Rxe6 1-0

[Event "X Open A"]
[Site "Montebelluna ITA"]
[Date "2009.12.28"]
[Round "3"]
[White "Zamengo, Fulvio"]
[Black "Tomio, Dante"]
[Result "0-1"]
[WhiteElo "1917"]
[BlackElo "2050"]
[PlyCount "70"]
[EventDate "2009.12.27"]

1. e4 c5 2. Nf3 d6 3. d4 cxd4 4. Nxd4 Nf6 5. Nc3 e6 6. Be3 a6 7. f3 b5 8. g4
Be7 9. Bg2 Bb7 10. g5 Nfd7 11. f4 Nb6 12. O-O N8d7 13. Qh5 g6 14. Qh3 b4 15.
Nce2 Nc4 16. f5 Nxe3 17. Qxe3 Bxg5 18. Qb3 gxf5 19. Nxe6 fxe6 20. Qxe6+ Qe7 21.
Qxf5 Rf8 22. Qg4 O-O-O 23. c3 Be3+ 24. Kh1 Rg8 25. Qh3 Bxe4 26. Rf3 Rxg2 27.
Qxg2 Ne5 28. Raf1 Nxf3 29. Rxf3 Qb7 30. Qh3+ Kb8 31. Nd4 Bxd4 32. cxd4 Bxf3+
33. Kg1 Rg8+ 34. Kf2 Rg2+ 35. Kf1 Qb5+ 0-1